Films that Won an Acting Oscar (MEGA QUIZ) - Statistics

General Stats
  • This quiz has been taken 28 times
  • The average score is 192 of 339
Answer Stats
Categrory Year Actor/Actress Movie % Correct
Best Actor 1994 Tom Hanks Forrest Gump
100%
Best Actor 2023 Cillian Murphy Oppenheimer
100%
Best Actor 1972 Marlon Brando The Godfather
100%
Best Actor 2002 Adrian Brody The Pianist
100%
Best Actor 2015 Leonardo DiCaprio The Revenant
100%
Best Actor 1991 Anthony Hopkins The Silence of the Lambs
100%
Best Supporting Actor 1950 George Sanders All About Eve
90%
Best Actor 1984 F. Murray Abraham Amadeus
90%
Best Actor 1997 Jack Nicholson As Good as it Gets
90%
Best Actor 1959 Charlton Heston Ben-Hur
90%
Best Actress 2010 Natalie Portman Black Swan
90%
Best Actress 1989 Jessica Tandy Driving Miss Daisy
90%
Best Actress 2022 Michelle Yeoh Everything Everywhere All at Once
90%
Best Actress 1996 Frances McDormand Fargo
90%
Best Actor 1982 Ben Kingsley Gandhi
90%
Best Supporting Actress 1990 Whoopi Goldberg Ghost
90%
Best Actor 2000 Russell Crowe Gladiator
90%
Best Actress 1939 Vivien Leigh Gone With the Wind
90%
Best Supporting Actor 2018 Mahershala Ali Green Book
90%
Best Actor 1948 Laurence Olivier Hamlet
90%
Best Actor 1967 Rod Steiger In the Heat of the Night
90%
Best Actor 2019 Joaquin Phoenix Joker
90%
Best Actor 2012 Daniel Day-Lewis Lincoln
90%
Best Actor 2008 Sean Penn Milk
90%
Best Actor 1989 Daniel Day-Lewis My Left Foot
90%
Best Actor 1976 Peter Finch Network
90%
Best Supporting Actor 2007 Javier Bardem No Country for Old Men
90%
Best Supporting Actor 2019 Brad Pitt Once Upon a Time...in Hollywood
90%
Best Actor 1975 Jack Nicholson One Flew Over theCuckoo's Nest
90%
Best Actor 1981 Henry Fonda On Golden Pond
90%
Best Actor 1954 Marlon Brando On the Waterfront
90%
Best Actor 1970 George C. Scott Patton
90%
Best Actor 1993 Tom Hanks Philadelphia
90%
Best Actor 1980 Robert DeNiro Raging Bull
90%
Best Actor 2004 Jamie Foxx Ray
90%
Best Actress 2015 Brie Larson Room
90%
Best Actress 1998 Gwyneth Paltrow Shakespeare in Love
90%
Best Actor 2025 Michael B. Jordan Sinners
90%
Best Actor 2011 Jean Dujardin The Artist
90%
Best Actor 2024 Adrien Brody The Brutalist
90%
Best Supporting Actor 2008 Heath Ledger The Dark Knight
90%
Best Supporting Actor 1978 Christopher Walken The Deer Hunter
90%
Best Actor 1971 Gene Hackman The French Connection
90%
Best Actor 1956 Yul Brynner The King and I
90%
Best Actor 2010 Colin Firth The King's Speech
90%
Best Actress 2006 Helen Mirren The Queen
90%
Best Actor 2022 Brendan Fraser The Whale
90%
Best Actor 1987 Michael Douglas Wall Street
90%
Best Supporting Actor 1988 Kevin Kline A Fish Called Wanda
80%
Best Actor 1966 Paul Scofield A Man for All Seasons
80%
Best Actor 1999 Kevin Spacey American Beauty
80%
Best Actress 1977 Diane Keaton Annie Hall
80%
Best Actor 2018 Rami Malek Bohemian Rhapsody
80%
Best Supporting Actress 2002 Catherine Zeta-Jones Chicago
80%
Best Actor 1978 Jon Voight Coming Home
80%
Best Actor 2013 Matthew McConaughey Dallas Buyers Club
80%
Best Actor 2017 Gary Oldman Darkest Hour
80%
Best Supporting Actress 2016 Viola Davis Fences
80%
Best Actress 1968 Barbra Streisand Funny Girl
80%
Best Supporting Actor 2009 Christoph Waltz Inglourious Basterds
80%
Best Actor 2021 Will Smith King Richard
80%
Best Actor 1979 Dustin Hoffman Kramer vs. Kramer
80%
Best Actress 2016 Emma Stone La La Land
80%
Best Actor 1995 Nicholas Cage Leaving Las Vegas
80%
Best Actor 1998 Roberto Benigni Life is Beautiful
80%
Best Supporting Actor 2006 Alan Arkin Little Miss Sunshine
80%
Best Actor 2016 Casey Affleck Manchester by the Sea
80%
Best Actress 2004 Hilary Swank Million Dollar Baby
80%
Best Actress 1990 Kathy Bates Misery
80%
Best Actress 2003 Charlize Theron Monster
80%
Best Supporting Actor 2016 Mahershala Ali Moonlight
80%
Best Supporting Actress 1992 Marisa Tomei My Cousin Vinny
80%
Best Actor 1964 Rex Harrison My Fair Lady
80%
Best Actor 2003 Sean Penn Mystic River
80%
Best Actress 2020 Frances McDormand Nomadland
80%
Best Actor 1992 Al Pacino Scent of a Woman
80%
Best Actor 1951 Humphrey Bogart The African Queen
80%
Best Supporting Actor 1999 Michael Caine The Cider House Rules
80%
Best Actor 1986 Paul Newman The Color of Money
80%
Best Actor 2020 Anthony Hopkins The Father
80%
Best Supporting Actor 1974 Robert De Niro The Godfather Part II
80%
Best Actor 1977 Richard Dreyfuss The Goodbye Girl
80%
Best Supporting Actor 1984 Haing S. Ngor The Killing Fields
80%
Best Actor 2006 Forest Whitaker The Last King of Scotland
80%
Best Actress 1993 Holly Hunter The Piano
80%
Best Actor 2014 Eddie Redmayne The Theory ofEverything
80%
Best Actress 2017 Frances McDormand Three Billboards OutsideEbbing, Missouri
80%
Best Actor 1962 Gregory Peck To Kill a Mockingbird
80%
Best Actor 1969 John Wayne True Grit
80%
Best Supporting Actor 2014 J.K. Simmons Whiplash
80%
Best Supporting Actress 2013 Lupita Nyong'o 12 Years a Slave
70%
Best Supporting Actress 2001 Jennifer Connelly A Beautiful Mind
70%
Best Supporting Actor 1982 Louis Gossett, Jr. An Officer and a Gentleman
70%
Best Actress 2024 Mikey Madison Anora
70%
Best Supporting Actor 1981 John Gielgud Arthur
70%
Best Actress 2013 Cate Blanchett Blue Jasmine
70%
Best Actress 1999 Hilary Swank Boys Don't Cry
70%
Best Actress 1972 Liza Minnelli Cabaret
70%
Best Actor 2005 Philip Seymour Hoffman Capote
70%
Best Actress 1986 Marlee Matlin Children of a Lesser God
70%
Best Actress 1980 Sissy Spacek Coal Miner's Daughter
70%
Best Supporting Actress 2003 Renée Zellweger Cold Mountain
70%
Best Actor 2009 Jeff Bridges Crazy Heart
70%
Best Actress 1995 Susan Sarandon Dead Man Walking
70%
Best Supporting Actor 2012 Christoph Waltz Django Unchained
70%
Best Actress 2000 Julia Roberts Erin Brockovich
70%
Best Supporting Actor 1953 Frank Sinatra From Here to Eternity
70%
Best Actor 1944 Bing Crosby Going My Way
70%
Best Supporting Actor 1990 Joe Pesci Goodfellas
70%
Best Actress 2025 Jessie Buckley Hamnet
70%
Best Actor 1952 Gary Cooper High Noon
70%
Best Supporting Actor 1996 Cuba Gooding, Jr. Jerry Maguire
70%
Best Supporting Actress 1997 Kim Basinger L.A. Confidential
70%
Best Actor 1963 Sidney Poitier Lilies of the Field
70%
Best Actor 1955 Ernest Borgnine Marty
70%
Best Actress 1964 Julie Andrews Mary Poppins
70%
Best Actress 2001 Halle Berry Monster's Ball
70%
Best Actress 1987 Cher Moonstruck
70%
Best Supporting Actor 2025 Sean Penn One Battle After Another
70%
Best Actress 2012 Jennifer Lawrence Silver Linings Playbook
70%
Best Supporting Actor 2005 George Clooney Syriana
70%
Best Actor 1946 Fredric March The Best Years of Our Lives
70%
Best Actress 2009 Sandra Bullock The Blind Side
70%
Best Actor 1957 Alec Guinness The Bridge onthe River Kwai
70%
Best Supporting Actress 2005 Rachel Weisz The Constant Gardener
70%
Best Supporting Actress 2011 Octavia Spencer The Help
70%
Best Actor 1945 Ray Milland The Lost Weekend
70%
Best Actor 2007 Daniel Day-Lewis There Will Be Blood
70%
Best Supporting Actor 1987 Sean Connery The Untouchables
70%
Best Actor 2001 Denzel Washington Training Day
70%
Best Actress 2005 Reese Witherspoon Walk the Line
70%
Best Supporting Actor 1961 George Chakiris West Side Story
70%
Best Supporting Actress 2021 Ariana DeBose West Side Story
70%
Best Supporting Actor 1976 Jason Robards All the President's Men
60%
Best Actress 1951 Vivien Leigh A Streetcar Named Desire
60%
Best Actor 1938 Spencer Tracy Boys Town
60%
Best Actress 1960 Elizabeth Taylor BUtterfield 8
60%
Best Actor 1965 Lee Marvin Cat Ballou
60%
Best Supporting Actor 1991 Jack Palance City Slickers
60%
Best Supporting Actor 1985 Don Ameche Cocoon
60%
Best Supporting Actor 2021 Troy Kotsur CODA
60%
Best Supporting Actress 1947 Celeste Holm Gentleman's Agreement
60%
Best Supporting Actress 1999 Angelina Jolie Girl, Interrupted
60%
Best Supporting Actor 1989 Denzel Washington Glory
60%
Best Actor 1939 Robert Donat Goodbye, Mr. Chips
60%
Best Supporting Actor 1997 Robin Williams Good Will Hunting
60%
Best Supporting Actor 1986 Michael Caine Hannah and Her Sisters
60%
Best Actress 1963 Patricia Neal Hud
60%
Best Actor 1934 Clark Gable It Happened One Night
60%
Best Supporting Actress 2017 Allison Janney I, Tonya
60%
Best Actress 2019 Renée Zellweger Judy
60%
Best Supporting Actress 2012 Anne Hathaway Les Misérables
60%
Best Supporting Actress 1995 Mira Sorvino Mighty Aphrodite
60%
Best Actress 1942 Greer Garson Mrs. Miniver
60%
Best Supporting Actor 1980 Timothy Hutton Ordinary People
60%
Best Supporting Actress 1973 Tatum O'Neal Paper Moon
60%
Best Actor 1988 Dustin Hoffman Rain Man
60%
Best Actor 1958 David Niven Separate Tables
60%
Best Supporting Actress 1958 Wendy Hiller Separate Tables
60%
Best Actor 1996 Geoffrey Rush Shine
60%
Best Actress 1982 Meryl Streep Sophie's Choice
60%
Best Actor 1983 Robert Duvall Tender Mercies
60%
Best Actress 1988 Jodie Foster The Accused
60%
Best Supporting Actress 2015 Alicia Vikander The Danish Girl
60%
Best Supporting Actress 1996 Juliette Binoche The English Patient
60%
Best Actress 2018 Olivia Colman The Favourite
60%
Best Supporting Actor 2010 Christian Bale The Fighter
60%
Best Supporting Actress 2023 Da'Vine Joy Randolph The Holdovers
60%
Best Actress 2011 Meryl Streep The Iron Lady
60%
Best Actor 1985 William Hurt The Kiss of theSpider Woman
60%
Best Actor 1940 James Stewart The Philadelphia Story
60%
Best Actress 1969 Maggie Smith The Prime of Miss Jean Brodie
60%
Best Supporting Actor 1948 Walter Huston The Treasure of the Sierra Madre
60%
Best Supporting Actor 1995 Kevin Spacey The Usual Suspects
60%
Best Supporting Actor 2002 Chris Cooper Adaptation
50%
Best Actress 1974 Ellen Burstyn Alice Doesn't Live Here Anymore
50%
Best Actor 1949 Broderick Crawford All the King's Men
50%
Best Supporting Actress 1967 Estelle Parsons Bonnie and Clyde
50%
Best Actress 1950 Judy Holliday Born Yesterday
50%
Best Supporting Actress 2014 Patricia Arquette Boyhood
50%
Best Supporting Actor 2015 Mark Rylance Bridge of Spies
50%
Best Supporting Actress 1978 Maggie Smith California Suite
50%
Best Actor 1968 Cliff Robertson Charly
50%
Best Supporting Actress 2006 Jennifer Hudson Dreamgirls
50%
Best Actor 1932 Fredric March Dr. Jekyll and Mr. Hyde
50%
Best Supporting Actor 1994 Martin Landau Ed Wood
50%
Best Actor 1960 Burt Lancaster Elmer Gantry
50%
Best Supporting Actress 1960 Shirley Jones Elmer Gantry
50%
Best Actress 1967 Katharine Hepburn Guess Who's Coming to Dinner
50%
Best Supporting Actress 1950 Josephine Hull Harvey
50%
Best Supporting Actor 2001 Jim Broadbent Iris
50%
Best Actress 1958 Susan Hayward I Want to Live!
50%
Best Supporting Actor 2020 Daniel Kaluuya Judas and the Black Messiah
50%
Best Supporting Actor 1977 Jason Robards Julia
50%
Best Actress 1940 Ginger Rogers Kitty Foyle
50%
Best Actress 2007 Marion Cotillard La Vie en Rose
50%
Best Supporting Actress 2019 Laura Dern Marriage Story
50%
Best Supporting Actor 1947 Edmund Gwenn Miracle on 34th Street
50%
Best Actress 1979 Sally Field Norma Rae
50%
Best Supporting Actress 2000 Marcia Gay Harden Pollock
50%
Best Actress 2023 Emma Stone Poor Things
50%
Best Supporting Actress 2009 Mo'Nique Precious
50%
Best Actress 1953 Audrey Hepburn Roman Holiday
50%
Best Actress 1959 Simone Signoret Room at the Top
50%
Best Supporting Actor 1957 Red Buttons Sayonara
50%
Best Supporting Actor 1960 Peter Ustinov Spartacus
50%
Best Actor 1953 William Holden Stalag 17
50%
Best Actress 1983 Shirley Maclaine Terms of Endearment
50%
Best Supporting Actress 1988 Geena Davis The Accidental Tourist
50%
Best Supporting Actress 2004 Cate Blanchett The Aviator
50%
Best Actress 2021 Jessica Chastain The Eyes of Tammy Faye
50%
Best Supporting Actor 1993 Tommy Lee Jones The Fugitive
50%
Best Actress 2002 Nicole Kidman The Hours
50%
Best Supporting Actor 1971 Ben Johnson The Last Picture Show
50%
Best Supporting Actor 1937 Joseph Schildkraut The Life of Emile Zola
50%
Best Actress 2008 Kate Winslet The Reader
50%
Best Supporting Actor 1975 George Burns The Sunshine Boys
50%
Best Supporting Actor 1969 Gig Young They Shoot Horses, Don't They?
50%
Best Supporting Actress 1982 Jessica Lange Tootsie
50%
Best Supporting Actor 2000 Benicio del Toro Traffic
50%
Best Supporting Actor 1992 Gene Hackman Unforgiven
50%
Best Actress 1966 Elizabeth Taylor Who's Afraid of Virginia Woolf?
50%
Best Actor 1942 James Cagney Yankee Doodle Dandy
50%
Best Supporting Actress 1970 Helen Hayes Airport
40%
Best Supporting Actress 1984 Peggy Ashcroft A Passage to India
40%
Best Supporting Actress 1994 Dianne Wiest Bullets Over Broadway
40%
Best Supporting Actress 1972 Eileen Heckart Butterflies Are Free
40%
Best Supporting Actress 1969 Goldie Hawn Cactus Flower
40%
Best Actress 1952 Shirley Booth Come Back, Little Sheba
40%
Best Supporting Actor 1967 George Kennedy Cool Hand Luke
40%
Best Actor 1950 José Ferrer Cyrano de Bergerac
40%
Best Actress 1965 Julie Christie Darling
40%
Best Actor 1930 George Arliss Disraeli
40%
Best Supporting Actress 1955 Jo Van Fleet East of Eden
40%
Best Actress 1944 Ingrid Bergman Gaslight
40%
Best Actor 1974 Art Carney Harry and Tonto
40%
Best Supporting Actor 1941 Donald Crisp How Green Was My Valley
40%
Best Actor 1929 Warner Baxter In Old Arizona
40%
Best Actress 1938 Bette Davis Jezebel
40%
Best Actress 1948 Jane Wyman Johnny Belinda
40%
Best Actor 1961 Maximilian Schell Judgmentat Nuremberg
40%
Best Actress 1971 Jane Fonda Klute
40%
Best Actress 1945 Joan Crawford Mildred Pierce
40%
Best Supporting Actor 1955 Jack Lemmon Mister Roberts
40%
Best Supporting Actress 1974 Ingrid Bergman Murder on the Orient Express
40%
Best Supporting Actress 1985 Anjelica Huston Prizzi's Honor
40%
Best Supporting Actress 1981 Maureen Stapleton Reds
40%
Best Actor 1990 Jeremy Irons Reversal of Fortune
40%
Best Supporting Actress 1968 Ruth Gordon Rosemary's Baby
40%
Best Actor 1973 Jack Lemmon Save the Tiger
40%
Best Actress 1941 Joan Fontaine Suspicion
40%
Best Actress 1954 Grace Kelly The Country Girl
40%
Best Supporting Actress 1959 Shelley Winters The Diary of Anne Frank
40%
Best Supporting Actress 1991 Mercedes Ruehl The Fisher King
40%
Best Actress 1937 Louise Rainer The Good Earth
40%
Best Supporting Actress 1940 Jane Darwell The Grapes of Wrath
40%
Best Actress 1936 Louise Rainer The Great Ziegfeld
40%
Best Actress 1949 Olivia de Havilland The Heiress
40%
Best Actor 1935 Victor McLaglen The Informer
40%
Best Actress 1968 Katharine Hepburn The Lion in Winter
40%
Best Actress 1962 Anne Bancroft The Miracle Worker
40%
Best Actor 1933 Charles Laughton The Private Life of Henry VIII
40%
Best Actress 1955 Anna Magnani The Rose Tattoo
40%
Best Actress 1943 Jennifer Jones The Song of Bernadette
40%
Best Actress 1957 Joanne Woodward The Three Faces of Eve
40%
Best Actress 1985 Geraldine Page The Trip to Bountiful
40%
Best Supporting Actress 1963 Margaret Rutherford The V.I.P.'s
40%
Best Supporting Actor 1949 Dean Jagger Twelve O'Clock High
40%
Best Actress 1961 Sophia Loren Two Women
40%
Best Supporting Actress 2008 Penélope Cruz Vicky Cristina Barcelona
40%
Best Actor 1943 Paul Lukas Watch on the Rhine
40%
Best Actress 1970 Glenda Jackson Women in Love
40%
Best Supporting Actress 1964 Lila Kedrova Zorba the Greek
40%
Best Actor 1947 Ronald Colman A Double Life
30%
Best Supporting Actor 1998 James Coburn Affliction
30%
Best Actress 1956 Ingrid Bergman Anastasia
30%
Best Supporting Actor 2024 Kieran Culkin A Real Pain
30%
Best Supporting Actor 1965 Martin Balsam A Thousand Clowns
30%
Best Actress 1973 Glenda Jackson A Touch of Class
30%
Best Supporting Actor 1945 James Dunn A Tree Grows in Brooklyn
30%
Best Supporting Actor 2011 Christopher Plummer Beginners
30%
Best Supporting Actor 1979 Melvyn Douglas Being There
30%
Best Actress 1994 Jessica Lange Blue Sky
30%
Best Actor 1937 Spencer Tracy Captains Courageous
30%
Best Supporting Actor 1936 Walter Brennan Come and Get it
30%
Best Actress 1935 Bette Davis Dangerous
30%
Best Supporting Actress 1943 Katina Paxinou For Whom the Bell Tolls
30%
Best Actress 1992 Emma Thompson Howard's End
30%
Best Supporting Actress 1948 Claire Trevor Key Largo
30%
Best Supporting Actress 2020 Youn Yuh-Jung Minari
30%
Best Actress 1933 Katharine Hepburn Morning Glory
30%
Best Supporting Actress 1945 Anne Revere National Velvet
30%
Best Actress 1984 Sally Field Places in the Heart
30%
Best Supporting Actor 1970 John Mills Ryan's Daughter
30%
Best Actor 1941 Gary Cooper Sergeant York
30%
Best Actress 2014 Julianne Moore Still Alice
30%
Best Supporting Actor 1962 Ed Begley Sweet Bird of Youth
30%
Best Supporting Actress 1952 Gloria Grahame The Bad and the Beautiful
30%
Best Supporting Actor 1958 Burl Ives The Big Country
30%
Best Actor 1932 Wallace Beery The Champ
30%
Best Actress 1947 Loretta Young The Farmer's Daughter
30%
Best Supporting Actor 1966 Walter Matthau The Fortune Cookie
30%
Best Supporting Actor 1973 John Houseman The Paper Chase
30%
Best Supporting Actor 1940 Walter Brennan The Westerner
30%
Best Supporting Actress 1983 Linda Hunt The Year of Living Dangerously
30%
Best Supporting Actor 1964 Peter Ustinov Topkapi
30%
Best Supporting Actor 1952 Anthony Quinn Viva Zapata!
30%
Best Supporting Actress 2025 Amy Madigan Weapons
30%
Best Supporting Actress 1956 Dorothy Malone Written on the Wind
30%
Best Actor 1931 Lionel Barrymore A Free Soul
20%
Best Supporting Actress 1965 Shelley Winters A Patch of Blue
20%
Best Supporting Actress 2024 Zoë Saldaña Emilia Pérez
20%
Best Supporting Actress 2018 Regina King If Beale Street Could Talk
20%
Best Supporting Actor 1938 Walter Brennan Kentucky
20%
Best Supporting Actor 1956 Anthony Quinn Lust for Life
20%
Best Supporting Actress 1980 Mary Steenburgen Melvin and Howard
20%
Best Supporting Actress 2007 Tilda Swinton Michael Clayton
20%
Best Actress 1931 Marie Dressler Min and Bill
20%
Best Supporting Actor 1939 Thomas Mitchell Stagecoach
20%
Best Actress 1928 Janet Gaynor Sunrise, A Song of Two Humans
20%
Best Supporting Actor 1954 Edmond O'Brien The Barefoot Contessa
20%
Best Actress 1930 Norma Shearer The Divorcee
20%
Best Supporting Actress 1946 Anne Baxter The Razor's Edge
20%
Best Actor 1936 Paul Muni The Story of Louis Pasteur
20%
Best Supporting Actor 1968 Jack Albertson The Subject Was Roses
20%
Best Actress 1946 Olivia de Havilland To Each His Own
20%
Best Supporting Actress 1936 Gale Sondergaard Anthony Adverse
10%
Best Actress 1929 Mary Pickford Coquette
10%
Best Supporting Actress 1937 Alice Brady In Old Chicago
10%
Best Supporting Actor 1942 Van Heflin Johnny Eager
10%
Best Supporting Actress 1975 Lee Grant Shampoo
10%
Best Actor 1928 Emil Jannings The Last Command
10%
Best Supporting Actor 1943 Charles Coburn The More the Merrier
10%
Best Actress 1932 Helen Hayes The Sin of Madelon Claudet
10%
Best Actress 1928 Janet Gaynor 7th Heaven
0%
Best Supporting Actress 1944 Ethel Barrymore None But the Lonely Heart
0%
Best Actress 1928 Janet Gaynor Street Angel
0%
Best Supporting Actress 1941 Mary Astor The Great Lie
0%
Best Actor 1927 Emil Jannings The Way of All Flesh
0%
No matching quizzes found
Score Distribution
Percent of People with Each Score
Percentile by Number Answered
Your Score History
You have not taken this quiz